Biblioteca

Amenazas contra la identidad personal y social (Registro nro. 69962)

Detalles MARC
000 -LÍDER
Campo fijo de descripción fija 01492nab a2200241 i 4500
001 - NÚMERO DE CONTROL
Campo de control 768714001
003 - IDENTIFICADOR DEL NÚMERO DE CONTROL
Campo de control CO-MdFUSB
005 - FECHA Y HORA DE LA ULTIMA TRANSACCIÓN
control field 20240528125054.0
008 - ELEMENTOS DE LONGITUD FIJA -- INFORMACIÓN GENERAL
Campo fijo de descripción fija -- Información general 240528t1976 sp ||||| |||| 00| 0 spa d
040 ## - FUENTE DE CATALOGACIÓN
Idioma de catalogación spa
Agencia que realiza la transcripción CO-MdFUSB
Agencia que realiza la modificación CO-MdFUSB
041 ## - CÓDIGO DE IDIOMA
Código de idioma para texto/pista de sonido o título separado spa
100 ## - ASIENTO PRINCIPAL--NOMBRE PERSONAL
Nombre personal Oelmüller, Willi,
Término relacionador autor
245 ## - TÍTULO
Título Amenazas contra la identidad personal y social
Mención de responsabilidad / Willi Oelmüller ; traducido por José Luis Zubizarreta
520 ## - NOTA DE RESUMEN, ETC.
Nota de sumario, etc. Al escribir sobre el tema asignado: «el fracaso humano», desde una perspectiva filosófica, nos encontramos frente a una doble dificultad debida a la formulación misma del tema y a las opciones previas, objetivas y metodológicas, que implica. Después de lo que nos han dicho las ciencias teóricas e históricas, y tras la crítica del idealismo y del humanismo en los últimos ciento cincuenta años, no resulta tan sencillo hacer afirmaciones sobre el hombre, a no ser que uno se limite a afirmaciones formales de valor permanente, independientes de las variantes culturales, del tiempo y del espacio.
650 #7 - ASIENTO SECUNDARIO DE MATERIA - TERMINO TEMÁTICO
Término temático o nombre geográfico como elemento de entrada Identidad (Psicología)
9 (RLIN) 299
650 #7 - ASIENTO SECUNDARIO DE MATERIA - TERMINO TEMÁTICO
Término temático o nombre geográfico como elemento de entrada Hombres
Subdivisión general Actitudes
9 (RLIN) 7141
650 #7 - ASIENTO SECUNDARIO DE MATERIA - TERMINO TEMÁTICO
Término temático o nombre geográfico como elemento de entrada Cambio social
9 (RLIN) 189
653 ## - TÉRMINO DE INDIZACIÓN - NO CONTROLADO
Término no controlado Fracaso humano
700 ## - ENTR. SECUNDARIA - Nombre Personal (R)
Nombre de persona Zubizarreta, José Luis,
Término indicativo de función traductor
773 0# - ASIENTO DE ITEM FUENTE
Biblionumber 49450
Itemnumber 82694
Otro identificador del ítem R2603
Título Revista internacional de teología Concilium
Número de control del registro (CO-MdFUSB)8
Número Internacional Normalizado para Publicaciones Seriadas (ISSN) 0210-1041
Parte(s) relacionada(s) / Volumen., número. (mes año), páginas Volumen 113, (marzo, 1976) páginas: 313 - 336
Enumeración y primera página página: 313
942 ## - TIPO DE MATERIAL (KOHA)
Tipo de Item KOHA Artículos de Revista
945 ## - INFORMACIÓN LOCAL DEL REGISTRO
Catalogador Catherine Arias Álvarez - Practicante SENA

No hay ítems disponibles.

Biblioteca FUSBC | Teléfono: (57+4) 349 88 10 Ext. 141| WhatsApp (+57) 3005338115 
E-mail: biblioteca@unisbc.edu.co | Calle 76 87-14 Robledo Palenque, Medellín, Colombia

Con tecnología Koha